[Event "45th Olympiad 2024"]
[Site "Budapest HUN"]
[Date "2024.09.14"]
[Round "4.66"]
[Board "2"]
[White "Tsige, Addisalem Temesgen"]
[Black "Meier, Peter"]
[Result "1-0"]
[WhiteElo "2068"]
[BlackElo "2062"]
[PlyCount "115"]
[EventDate "2024.09.11"]
[WhiteTeam "Ethiopia"]
[BlackTeam "Seychelles"]
[WhiteTeamCountry "ETH"]
[BlackTeamCountry "SEY"]

1. d4 {Stohl,Igor} ({RR} 1. e4 c6 2. d4 d5 3. exd5 cxd5 4. Bd3 Nc6 5. c3 Nf6 6. Bf4 Bg4 7. Qb3 Qd7 8. Nd2 e6 9. Ngf3 Bxf3 10. Nxf3 Bd6 11. Bxd6 Qxd6) 1... d5 2. Bf4 Nf6 3. e3 c5 ({RR} 3... e6 4. Nf3 c5 5. c3 Nc6 6. Nbd2 Bd6 ({RR} 6... Be7 7. Bd3 Nh5 8. Be5 Nxe5 9. Nxe5 Nf6 10. O-O O-O 11. f4 g6 12. Rf3 Ne8 13. Rh3 f5 14. g4 Nf6 15. g5 Ne4 16. Qe1 Nxd2 17. Qh4 Nf3+ 18. Rxf3 Bd6 19. Rh3 Qc7 20. Nxg6 hxg6 21. dxc5) 7. Bg3 O-O 8. Bd3 ({RR} 8. Bb5 a6 9. Bxc6 bxc6 10. Ne5 Qc7 11. Nd3 c4 12. Bxd6 Qxd6 13. Nc5 e5 14. b3 cxb3 15. axb3 Re8 16. O-O Ng4 17. g3 Qh6 18. h4 Ra7 19. Kg2 Rae7 20. Nf3 e4 21. Nh2 Nxh2 22. Kxh2 g5) 8... b6 9. e4 ({RR} 9. Ne5 Bb7 10. f4 Ne7 11. Qb1 ({RR} 11. Qc2 c4 12. Be2 Nf5 13. Bf2 Be7 14. Ng4 Nxg4 15. Bxg4 Nd6 16. f5 exf5 17. Bxf5 Nxf5 18. Qxf5 Qc8 19. Qf3 b5 20. h4 a5 21. h5 h6 22. Bh4 Re8 23. Nf1 Qe6 24. Kf2 Bf8) 11... g6 12. Bf2 cxd4 13. exd4 Nh5 14. g3 f6 15. Nef3 Qc8 16. O-O Ba6 17. Re1 Ng7 18. Kg2 Rb8 19. a3 Re8 20. Qc2 Bxd3 21. Qxd3 Qd7 22. Re2 a5 23. Rae1 a4) 9... dxe4 ({RR} 9... Be7 10. e5 Nh5 11. a3 a5 12. Qe2 Ra7 ({RR} 12... c4 13. Bc2 b5 14. Ng5 Bxg5 15. Qxh5 g6 16. Qe2 f5 17. exf6 Qxf6 18. h4 Bf4 19. Bxf4 Qxf4 20. g3 Qf6 21. f4 Ra7 22. Nf3 h6 23. Ne5 Nxe5 24. dxe5 Qg7 25. Qg4 Rd8 26. O-O-O b4 27. Qxg6) 13. O-O c4 14. Bc2 b5 15. h4 g6 16. Bh2 Bxh4 17. g4 Ng7 18. Nxh4 Qxh4 19. Kg2 f5 20. exf6 Qxf6 21. Bd6 Rff7 22. f4 e5 23. dxe5 Qh4 24. f5) 10. Nxe4 Nxe4 11. Bxe4 Bb7 12. Qa4 Qc7 13. dxc5 bxc5 14. Qc4 ({RR} 14. Bxd6 Qxd6 15. Rd1 Qc7 16. O-O Rfd8 17. Qb5 Na5 18. Bxb7) 14... Rad8 15. Qxc5 f5 16. Bc2 f4 17. Bxh7+ Kxh7 18. Qh5+) 4. c3 ({RR} 4. dxc5 Nc6 ({RR} 4... e6 5. b4 Nc6 6. Bb5 Bd7 7. c3 a5 8. Qb3 ({RR} 8. Qe2 axb4 9. Bxc6 Bxc6 10. cxb4 d4 11. Nf3 Nd5 12. O-O dxe3 13. Bg5 Be7 14. Bxe7 Qxe7 15. Qc4 Qf6 16. Nd4 e2 17. Re1 Nxb4 ({RR} 17... Nf4) 18. Nd2 O-O 19. Nxc6 Nxc6 20. Ne4 Qb2 21. Qxe2 Qxe2 22. Rxe2 Ra4) 8... Ne4 9. Ne2 ({RR} 9. f3 e5 10. fxe4 exf4 11. Ne2 ({RR} 11. exd5 Qh4+ 12. Kd1 Qf2 13. Ne2 O-O-O 14. exf4 Bg4 15. Re1 Ne7 16. d6 Nf5 17. d7+ Kb8 18. Kd2 Ne3 19. Qxf7 Bxd7 20. Bxd7 Kc7) 11... Qh4+ 12. g3 fxg3 13. Nxg3 dxe4 14. O-O Be6 15. Qa4 Rc8 16. Nd2 Be7 17. Bc4 O-O 18. Bxe6 fxe6 19. Ndxe4 Ne5 20. Qd1 axb4 21. cxb4 Rxf1+ 22. Qxf1 Ra8 23. Qe2 Bg5) 9... g5 10. Bxc6 Bxc6 ({RR} 10... bxc6 11. Be5 f6 12. Bg3 Bg7) 11. Be5 f6 12. Bg3 ({RR} 12. Bd4) 12... h5 ({RR} 12... axb4 13. cxb4 b6) 13. f3 h4 14. fxe4 ({RR} 14. Bf2) 14... hxg3 15. Nxg3 Qc7 16. O-O O-O-O ({RR} 16... Qh7) 17. Nd2 Be7 18. Nf3 g4 ({RR} 18... Rxh2 19. Nxh2 Qxg3 20. Rf3) 19. Nd4) ({RR} 4... Qa5+ 5. Nc3 Qxc5 6. Nb5 Na6 7. Nf3 Bd7 8. a4 g6 9. Be5 Bg7 10. Bd4 Qb4+ 11. c3 Qa5 12. Nxa7 O-O 13. Nb5 Bg4 14. Be2 Nb8 15. Bxf6 Bxf6 16. Qxd5 Nc6 17. O-O Rad8 18. Qa2 Qb6 19. b4) 5. Bb5 Qa5+ 6. Nc3 a6 7. Bxc6+ bxc6 8. Nf3 ({RR} 8. Qd4 e6 9. b4 Qa3 10. Nge2 a5 11. Rb1 axb4 12. Rxb4 Ba6 13. O-O Bxe2 14. Nxe2 Be7 15. Bd6 Bxd6 16. cxd6 O-O 17. Ng3 Rfc8 18. Qd2 Rd8 19. e4 dxe4 20. c4 Qxa2 21. Qxa2 Rxa2 22. Rb6 h5) 8... Ne4 ({RR} 8... e6 9. O-O Bd7 10. a3 Qxc5 11. Na4 Qa7 12. c4 Be7 13. Rc1 Rc8 14. cxd5 cxd5 15. Rxc8+ Bxc8 16. Qd4 Qxd4 17. exd4 Bd7 18. Nb6 Bd8 19. Nxd7 Nxd7 20. Rc1 f6 21. Rc6 Kf7 22. Rxa6) 9. Qd4 Nxc3 10. bxc3 f6 11. O-O e5 12. Bxe5 fxe5 13. Qxe5+ Kf7 14. Ng5+ Kg8 15. Qe8 ({RR} 15. Ne6 Bd7 16. Nxf8 Rxf8) 15... Qc7 16. Ne6 Bxe6 17. Qxe6+ Qf7 18. Qxc6 Ra7) 4... Nc6 5. Nd2 cxd4 ({RR} 5... Bf5 6. Qb3 ({RR} 6. Ngf3 Qb6 7. Qb3 c4 8. Qxb6 axb6 9. a3 h6 10. Be2 b5 11. O-O e6 12. Ne5 Nxe5 13. dxe5 Nd7 14. Nf3 Bg4 15. Nd4 Bxe2 16. Nxe2 Nc5 17. Nd4 Ra5 18. Bg3 Be7 19. f3 O-O 20. Rad1 Nd3) 6... Qd7 7. Ngf3 c4 8. Qd1 e6 9. Be2 ({RR} 9. h3 h6 10. Be2 Bd6 11. O-O O-O 12. b3 b5 13. a4 a6 14. b4 Qc7 15. Bxd6 Qxd6 16. Qc1 Nd7 17. Qb2 Nb6 18. Bd1 Rfb8 19. a5 Nd7 20. Bc2 Bxc2 21. Qxc2 e5 22. dxe5 Ndxe5 23. Rad1 Nd3) 9... h6 10. O-O Bd6 ({RR} 10... Be7 11. Ne5 Nxe5 12. Bxe5 O-O 13. Bf3 b5 14. a3 a5 15. Re1 Ne4 16. Bxe4 dxe4 17. a4 Rfc8 18. axb5 Qxb5 19. Qa4 Qd5 20. Bg3 h5 21. h3 h4 22. Bh2 f6 23. f3 Qb7 24. Qc2 exf3 25. e4) 11. b3 ({RR} 11. Bxd6 Qxd6) 11... Bxf4 12. exf4 cxb3 13. axb3 O-O 14. Ne5 Qc7 15. Qc1 Rfc8 16. Qb2 a6 17. h3 Qb6 18. Rfc1 Rc7 19. Bf1 Rac8 20. Nd3) 6. exd4 Bf5 7. Ngf3 e6 8. Qb3 Qc8 9. Nh4 ({RR} 9. Ne5 Be7 10. Be2 O-O 11. O-O Nxe5 12. Bxe5 Nd7 13. Bg3 Nb8 14. a4 Nc6 15. a5 a6 16. Qa4 Qd7 17. b4 e5 18. dxe5 d4) ({RR} 9. Be2 h6 10. h3 Be7 11. O-O O-O 12. Rfe1 Bd8 ({RR} 12... a6 13. a4 Nd7 14. Bf1 Re8 15. Rac1 Na5 16. Qa2 Nb6 17. b4 Nac4 18. a5 Nxd2 19. Nxd2 Nd7 20. Nb3 Nb8 21. Nc5) 13. a4 Bc7) 9... Be4 ({RR} 9... Bg6 10. Nxg6 hxg6 11. h3 Be7 12. Bd3 Bd8 13. Nf3 Bc7 14. Be3 O-O 15. Qc2 a6 16. h4 e5 17. dxe5 Nxe5 18. Nxe5 Bxe5 19. O-O-O Re8 20. Kb1 b5 21. Bg5 Ne4 22. Bc1 b4 23. Bxe4 dxe4 24. cxb4) 10. Nxe4 dxe4 ({RR} 10... Nxe4 11. Nf3 Bd6 12. Bxd6 ({RR} 12. Bg3 Nxg3 13. hxg3 Qc7 14. Bd3 h6 15. g4 O-O-O 16. Kf1 Kb8 17. a4 Rhe8 18. a5 Nxa5 19. Qa4 Nc6 20. b4 Qb6 21. g3 e5 22. b5 Nxd4 23. cxd4 e4) 12... Nxd6 13. Bd3 Qc7 ({RR} 13... O-O 14. Qc2 h6 15. g4 ({RR} 15. O-O-O b5) 15... Re8 16. O-O-O b5) 14. Qc2 ({RR} 14. O-O O-O 15. Qc2 h6 ({RR} 15... g6 16. Rfe1 b5 17. Qd2 Kg7 18. Ne5 Nxe5 19. Rxe5 Rab8 20. h4 Qd8 21. h5 Qf6 22. Rae1 Nc4 23. Bxc4 bxc4 24. R1e3 Rb6 25. Rf3 Qe7 26. Rh3 Rh8 27. Qe2 Rhb8 28. Qe3 Qf6 29. Rf3 Qh4 30. Rh3) 16. Qe2 Rab8 17. a4 ({RR} 17. b4 Ne7 18. Rac1 Nec8 19. Bb1 Nc4 20. Qd3 g6 21. Qe2 N8d6 22. h4 Rfe8 23. Ne5 Nxe5 24. dxe5 Nc4 25. Rfe1 h5) 17... Rbe8 18. Ne5 Nxe5 19. Qxe5 ({RR} 19. dxe5 Nc4) 19... Re7) 14... O-O-O ({RR} 14... h6) 15. O-O h6 16. a4 Kb8 17. Rfe1 ({RR} 17. a5 Nxa5 18. Qa4 ({RR} 18. Ra4 Nc6 19. Rfa1) 18... b6) 17... Rc8 18. Qd1 ({RR} 18. Qe2 g5 ({RR} 18... Rhe8)) 18... Rhe8 ({RR} 18... g5 19. Ne5 h5 20. Qf3 Nxe5 21. dxe5 ({RR} 21. Rxe5 Qd8) 21... Nc4 22. Bxc4 dxc4 23. Rad1) 19. Bf1 Re7 ({RR} 19... f6) 20. Rc1 Rd8 ({RR} 20... g5) 21. Re2 ({RR} 21. b4 g5 22. Nd2) 21... Ne4 ({RR} 21... g5) 22. b4 Ng5 ({RR} 22... g5 23. b5 g4 ({RR} 23... Na5 24. c4) 24. Nd2 Nxd2 25. Qxd2 Na5 26. Qxh6) ({RR} 22... f5 23. b5 Na5) 23. Ne1 e5 ({RR} 23... f6 24. a5 ({RR} 24. Nd3 e5 25. a5 e4 26. Nc5 f5 27. Ra2) 24... e5 25. a6 b6 26. Nc2) 24. b5 Na5 25. Rxe5 {1-0 Carlsen,M (2850)-Wojtaszek,R (2748) EU-chT (Men) 20th 2015 (9.1)}) ({RR} 10... Nxe4 11. Nf3 Bd6 12. Bxd6 Nxd6 13. Bd3 Qc7 14. a4 h6 15. O-O g5 16. Rfe1 O-O-O 17. a5 Kb8 18. a6 b6 19. Ne5 Nxe5 20. dxe5 Nc8 21. c4 dxc4 22. Bxc4 Ne7 23. Rac1 Rc8 24. Qf3 Ng6 25. Qe4 {½-½ Hambleton,A (2420)-Timerkhanov,A (2311) Titled Tue 21st May Early 2024 (11)}) 11. g3 Be7 12. Ng2 O-O 13. Bg5 $146 ({RR} 13. Be2 Qd7 14. O-O Nd5 15. Rae1 Nxf4 16. Nxf4 Bg5 17. Ng2 Kh8 18. Qb5 f5 19. Bd1 Rae8 20. Bc2 Qc7 21. Qe2 g6 22. Bb1 Qf7 23. Rd1 Rd8 24. Qb5 Rd5 25. Qe2 e5 26. Bc2 exd4 27. Bb3 d3 {0-1 Tomic,S (1970)-Schnelzer,R (2161) Arco op 43rd 2021 (6)}) ({RR} 13. Be2 h6 14. O-O {½-½ Pikula,D (2457)-Golubov,S (2501) Djenovici TS11 2017 (8)}) ({RR} 13. Be2 Nd5 14. Bd2 Qd7 15. f3 exf3 16. Bxf3 Na5 17. Qc2 Nc4 18. O-O {½-½ Sedlak,N (2581)-Perunovic,M (2618) HUN-chT 1314 2013 (5)}) 13... Nd5 14. Bxe7 Ncxe7 15. c4 Nf6 16. Ne3 Rd8 17. Rd1 Nc6 18. Qc3 Qc7 19. Bg2 e5 20. d5 Nd4 21. Nc2 Nxd5 22. cxd5 Nxc2+ 23. Kf1 Qxc3 24. bxc3 f5 25. g4 Rac8 26. gxf5 Rxc3 27. Bxe4 Nd4 28. Kg2 Ne2 29. Rhe1 Nf4+ 30. Kf1 Kf7 31. Re3 Rc5 32. d6 Rd7 33. Bxb7 Kf6 34. Be4 g6 35. fxg6 hxg6 36. Bf3 Rc2 37. Bg4 Rd8 38. a3 Rc6 39. d7 Ne6 40. Red3 Ke7 41. Rh3 Rf8 42. Bxe6 Rxe6 43. Rh7+ Kd8 44. Rb1 Rb6 45. Rc1 Rb8 46. Ke2 e4 47. Ke3 a5 48. Kxe4 a4 49. f4 g5 50. Rc8+ Rxc8 51. dxc8=Q+ Kxc8 52. fxg5 Re8+ 53. Kf5 Rf8+ 54. Ke6 Rf3 55. g6 Rf2 56. Rh8+ Kc7 57. g7 Re2+ 58. Kd5 1-0

[Event "45th Olympiad 2024"]
[Site "Budapest HUN"]
[Date "2024.09.14"]
[Round "4.67"]
[Board "1"]
[White "Gontcharov, Serguei"]
[Black "Ferster, Fabian"]
[Result "0-1"]
[WhiteElo "1927"]
[BlackElo "2184"]
[PlyCount "102"]
[EventDate "2024.09.11"]
[WhiteTeam "Bermuda"]
[BlackTeam "Liechtenstein"]
[WhiteTeamCountry "BER"]
[BlackTeamCountry "LIE"]

1. e4 c5 2. Nf3 Nc6 3. d4 cxd4 4. Nxd4 Nf6 5. Nc3 e5 6. Ndb5 d6 7. Bg5 a6 8. Na3 b5 9. Nd5 Be7 10. Bxf6 Bxf6 11. c3 Ne7 12. Nc2 Nxd5 13. Qxd5 Be6 ({RR} 13... Ra7 14. Nb4 Bb7 15. Qd3 Qa8 16. f3 O-O 17. O-O-O a5 18. Nd5 Bg5+ 19. Kc2 b4 20. Nb6 Qe8 21. Qxd6 Bc6 22. cxb4 axb4 23. Bc4 Be3 24. Nd5 Bd4 25. Kb1 Ba4 26. b3 Bd7 27. Nxb4 Rb7 28. Nc2 {½-½ Savchenko,B (2607)-Paravyan,D (2528) Moscow-ch rapid 2016 (5)}) 14. Qd1 ({RR} 14. Qd2 d5 15. exd5 Qxd5 16. Qxd5 Bxd5 17. Ne3 Be6 18. a4 bxa4 19. Rxa4 a5 20. Bb5+ Ke7 21. O-O Rhd8 22. Rfa1 Rd2 23. b4 e4 24. R4a3 Rb8 25. Rxa5 Bxc3 26. Rb1 f5 27. Bc4 f4 28. Ra7+ Rd7 {½-½ Bellahcene,S (2000)-Schippke,M (2197) Trophee Roza Lallemand 2024 (5.4)}) 14... d5 15. a4 $146 ({RR} 15. Bd3 O-O 16. O-O Be7 17. Qh5 Qd6 18. Rfe1 g6 19. Qe2 d4 20. cxd4 exd4 21. e5 Qb6 22. f4 Rac8 23. Kh1 Rfd8 24. Red1 Bc4 25. Ne1 f6 26. b3 Be6 27. Be4 fxe5 28. fxe5 Bg5 29. Nd3 Be3 {½-½ Kovacs,B (2336)-Farkas,Z (2196) HUN-chT2 Szechenyi 0809 2008 (11.3)}) ({RR} 15. Bd3 O-O 16. O-O Rb8 17. Nb4 dxe4 18. Bxe4 Qxd1 19. Rfxd1 Rb6 20. a3 g6 21. Nd5 Bxd5 22. Rxd5 a5 23. b4 a4 24. Rad1 Rc8 25. Rc5 Rbb8 26. g3 Be7 27. Rc6 Rxc6 28. Bxc6 Rc8 29. Bxb5 Rxc3 {½-½ Idrizaj,A (2242)-Goossens,E (2234) EU-Cup 19th Rethymno 2003 (2.5)}) ({RR} 15. exd5 Qxd5 16. Qxd5 Bxd5 17. Ne3 Bb7 18. Ng4 Bg5 19. Bd3 Rd8 20. Rd1 Bxg2 21. Rg1 Bf3 22. Be2 Rxd1+ 23. Bxd1 Bxd1 24. Kxd1 Bf4 25. Nxe5 Bxh2 26. Re1 Bxe5 27. Rxe5+ Kd7 28. Kd2 Kd6 29. Re4 h5 {0-1 Torres,M-Oddone,C South America-ch U20 2006 (6)}) 15... O-O 16. Bd3 bxa4 17. O-O dxe4 18. Bxe4 Qxd1 19. Rfxd1 Rab8 20. Rxa4 Rxb2 21. Na1 Rd8 22. Rxd8+ Bxd8 23. Rxa6 Re2 24. f3 Kf8 25. Nc2 Bc4 26. Rc6 Bb5 27. Rc8 Ke7 28. Rb8 Bc4 29. Nb4 Bc7 30. Rb7 Kd6 31. h4 g6 32. Bd3 Bxd3 33. Nxd3 Re3 34. Nf2 Re1+ 35. Kh2 Kc6 36. Rb3 e4+ 37. Kh3 e3 38. Nd3 Rh1+ 39. Kg4 f6 40. f4 e2 41. Nb4+ Kd7 42. Nd3 Rd1 43. Kf3 Rxd3+ 44. Kxe2 Rg3 45. Kf2 Bxf4 46. Rb7+ Ke6 47. Rxh7 Rxc3 48. h5 g5 49. h6 g4 50. Rg7 g3+ 51. Ke2 Bxh6 0-1

[Event "45th Olympiad 2024"]
[Site "Budapest HUN"]
[Date "2024.09.14"]
[Round "4.67"]
[Board "2"]
[White "Krieger, Markus"]
[Black "Lill, Sami"]
[Result "1-0"]
[WhiteElo "2153"]
[BlackElo "1902"]
[PlyCount "59"]
[EventDate "2024.09.11"]
[WhiteTeam "Liechtenstein"]
[BlackTeam "Bermuda"]
[WhiteTeamCountry "LIE"]
[BlackTeamCountry "BER"]

1. e4 e5 2. Nf3 Nc6 3. Bc4 Nf6 4. d3 Be7 5. O-O O-O 6. Nbd2 d6 7. a4 Be6 8. Re1 a5 9. c3 ({RR} 9. h3 h6 10. c3 Bxc4 11. Nxc4 Re8 12. Qb3 Qd7 13. Bd2 Bf8 14. Rad1 b6 15. Qb5 Ne7 16. Ne3 Rad8 17. c4 Ng6 18. Nd5 Nh7 19. Qxd7 Rxd7 20. b4 axb4 21. Bxb4 Ne7 22. a5 bxa5 23. Bxa5 c6 {½-½ Safarli,E (2614)-Grischuk,A (2732) Chessable Masters Div 3 W 2024 (4.5)}) 9... Re8 $146 ({RR} 9... Nd7 10. Nf1 Bxc4 11. dxc4 f5 12. exf5 Rxf5 13. Ne3 Rf8 14. Nd5 Nc5 15. Be3 Ne6 16. Nd2 Ng5 17. Qg4 Nf7 18. Ne4 Qc8 19. Qg3 Qf5 20. f3 Bd8 21. Rad1 Kh8 22. c5 Ne7 23. cxd6 cxd6 24. Nxe7 {1-0 Avdeenko,T (2194)-Sakhina,M (1911) Sibiria Region-ch (Women) 2008 (1)}) ({RR} 9... Nd7 10. d4 Bxc4 11. Nxc4 h6 12. Qb3 b6 13. Ne3 Bg5 14. Nf5 Bxc1 15. Raxc1 Ne7 16. dxe5 Nxe5 17. Nxe5 dxe5 18. Rcd1 Qe8 19. h3 Kh7 20. Qc4 Rd8 21. Qxc7 Rxd1 22. Rxd1 Nxf5 23. exf5 Qxa4 24. Re1 {1-0 Vaculik,M (2260)-Bujak,M (2155) CZE-chT2b 0506 2005 (2)}) ({RR} 9... Qd7 10. Bxe6 fxe6 11. Qb3 Nh5 12. Nc4 Kh8 13. Qb5 Nf4 14. Bxf4 Rxf4 15. d4 exd4 16. Nxd4 Raf8 17. Rad1 Bf6 18. e5 Nxe5 19. Nxe5 Qxb5 20. Nxb5 Bxe5 21. Nxc7 Rc8 22. Nxe6 Rf6 23. Nd4 Rc4 24. Nf3 {½-½ Marques,V (2140)-Calgado,A Sao Paulo Charlier 1996 (3)}) 10. Bb5 Bd7 11. Nf1 Qc8 12. Ng3 Na7 13. Bxd7 Qxd7 14. Nf5 Bf8 15. Bg5 Nd5 16. Nxg7 Bxg7 17. exd5 b5 18. axb5 Qxb5 19. c4 Qxb2 20. Rxa5 c6 21. Qa4 Qb6 22. Be3 c5 23. Nd2 Reb8 24. g3 e4 25. Ra6 Qb7 26. Nxe4 Nc8 27. Qe8+ Bf8 28. Nf6+ Kg7 29. Nh5+ Kg8 30. Qxf8+ 1-0

[Event "45th Olympiad 2024"]
[Site "Budapest HUN"]
[Date "2024.09.14"]
[Round "4.68"]
[Board "1"]
[White "Almedina Ortiz, Edgardo J."]
[Black "Than, Min Hlaing"]
[Result "1-0"]
[WhiteElo "2196"]
[BlackElo "2121"]
[PlyCount "65"]
[EventDate "2024.09.11"]
[WhiteTeam "Puerto Rico"]
[BlackTeam "Myanmar"]
[WhiteTeamCountry "PUR"]
[BlackTeamCountry "MYA"]

1. e4 {Ftacnik,Lubomir} c5 2. Nf3 d6 3. d4 cxd4 4. Nxd4 Nf6 5. Nc3 a6 6. Be3 e5 7. Nb3 Be7 8. f3 O-O 9. Qd2 Be6 10. O-O-O Nbd7 11. g4 b5 12. Rg1 Nb6 ({RR} 12... b4 13. Nd5 Bxd5 14. exd5 a5 15. g5 Nh5 16. Kb1 a4 17. Nc1) 13. g5 ({RR} 13. Na5 Rc8 ({RR} 13... Qc7 14. g5 Nh5 15. Nd5 Bxd5 16. exd5 Nxd5 17. Qxd5 Qxa5 18. Kb1) 14. g5 Nh5 15. Kb1 Qc7 ({RR} 15... g6 16. a3 ({RR} 16. Nd5 Nxd5 17. exd5 Bxd5 18. Qxd5 Qxa5 19. c4 ({RR} 19. Bd3) 19... Nf4 ({RR} 19... Rb8 20. Rg4 Ng7 21. h4 Nf5 22. Bf2 Bd8 23. cxb5 axb5 24. Bd3 b4 25. Qb3) 20. Bxf4 exf4 21. cxb5 axb5 22. Qxb5 Qa7) 16... Qc7 17. Nd5 Nxd5 18. exd5 Bxd5 19. Qxd5 Qxa5 20. Rg4 ({RR} 20. Bd3 Rfd8 21. Rg4 Rb8 22. Rh4 Qc7 23. Rxh5 gxh5 24. Qe4 f5 25. Qxf5 Bf8 26. g6) 20... Ng7 21. h4 Qc7 22. c4 Ne6 23. Bd3 Qb8 24. cxb5 Nc7 25. Qb3 d5 26. h5 Nxb5) ({RR} 15... Nf4 16. a3 g6 ({RR} 16... Qc7 17. Bxf4 exf4 18. Nd5 Nxd5 ({RR} 18... Bxd5 19. exd5 Qc5 20. Rg4 Rfe8 21. h4 Bf8 22. Rxf4 Nxd5 23. Nb3) 19. exd5 Bxd5 20. Qxd5 Qxa5 21. Bd3 g6 22. h4 Rc5 23. Qe4 Re5 24. Qxf4 Rb8 25. c3 Qb6 26. Bc2 a5 27. Bb3) 17. h4 Qc7 ({RR} 17... d5 18. Bxf4 exf4 19. Nxd5 Nxd5 20. exd5 Bxd5 21. Qxd5 Qxa5 22. Bd3 Rfd8 23. Qb3 Rc5 24. Be4) 18. Bxf4 exf4 19. Nd5 Bxd5 20. exd5 Nxd5 21. Qxd5 Qxa5 22. Rg4 Rc5 23. Qb3 d5 24. Rxf4 Qc7 25. Rfd4 Qh2 26. c3 Rd8 27. Qc2) ({RR} 15... b4 16. Nd5 Nxd5 17. exd5 Qxa5 18. dxe6 fxe6 19. Bh3 Kf7 20. g6+ hxg6 21. Qg2) 16. Nd5 Nxd5 17. exd5 Bxd5 18. Qxd5 Qxa5 19. Bd3 ({RR} 19. Rg4 Qc7 20. Bd3 Qc6 ({RR} 20... g6 21. h4 Qd7 22. a4 bxa4 23. Bxa6 Rb8 24. Rd3 Ng7 25. Ra3 Ne6 26. Rc4) 21. Qxc6 Rxc6 22. a4 bxa4 23. Rxa4 d5 24. Rxa6 Rc7 25. c3 g6 26. Ra5 Rb8 27. Rxd5 Rxc3 28. Rxe5 Ba3 29. Bc1) 19... g6 20. c4 ({RR} 20. Rg4 Nf4 21. Bxf4 exf4 22. h4 Rc5 23. Qd4 Re5 24. Be4 Qc7 25. Bd5 Rc8 26. c3 b4 27. Qxb4 Rb8 28. Qd4 Re2 29. Rd2 Re1+ 30. Kc2) 20... Nf4 21. Bxf4 exf4 22. cxb5 axb5 23. Qxb5 Qa7 24. Be4 ({RR} 24. Rge1 Rc7 25. Bc4 ({RR} 25. Rc1 Rb7 26. Qd5 Bxg5 27. Qxg5 Qd4 28. Bb5 h6 29. Qg1 Qxg1 30. Rxg1 Rxb5 31. Rc4) 25... Rb8 26. Qd5 Bf8 ({RR} 26... Bxg5) 27. Bb3 Qf2 28. Qd3 Qxh2 29. Re2 Qh3) 24... Rc7 25. Bd5 ({RR} 25. Qd5 Rb8 26. Qd4 Qa6 27. Rc1 Rxc1+ 28. Rxc1 Bxg5 29. Bd5 Bf6 30. Qxf6 Qd3+ 31. Ka1 Qxd5 32. Qxf4) 25... Qf2 ({RR} 25... Rb8 26. Qd3 Bf8 27. Bb3 Qf2) 26. Qb3 ({RR} 26. h3 Bxg5) 26... Qxh2 27. a4 Qf2 {0-1 Caruana,F (2844)-Vachier Lagrave,M (2757) Tashkent FIDE GP 2014 (1)}) 13... Nfd7 ({RR} 13... Nh5 14. Nd5 Bxd5 15. exd5 Rc8 16. Na5 Nxd5 17. Qxd5 Qxa5 18. Kb1 Qc7 19. Bd3 g6 20. h4 Rb8 21. Be4) ({RR} 13... Nh5 14. Nd5 Nxd5 15. exd5 Bd7 16. Na5 Rc8 17. Bd3 Qc7 18. Kb1 g6 19. Rc1 Bd8 20. Nb3 Qb7 21. c4 bxc4 22. Bxc4 Bf5+ 23. Ka1 Rb8 24. Rg2 Bb6 25. Na5 Bxe3 26. Qxe3 Qb6 27. Qa3 Nf4 28. Rd2 {½-½ Latorre,V (2192)-Tan,B (1902) Canadian Open 2024 (8.14)}) 14. Na5 b4 $146 ({RR} 14... Qc7 15. Nd5 Nxd5 16. exd5 Bxd5 17. Qxd5 Qxa5 18. Bd3 Rac8 19. g6 Nf6 20. gxf7+ Rxf7 21. Qe6 Qc7 22. Bf5 Rd8 23. Qb3 d5 24. Be6 Qc6 25. Bxf7+ Kxf7 26. Bg5 Qc4 27. Qd3 Qxd3 28. cxd3 Bc5 29. Rg2 {1-0 Schulz,J (2150)-Powierski,E (2002) GER-chT Lands U21 2011 (3.1)}) ({RR} 14... Qc7 15. Kb1 Rfc8 16. h4 b4 17. Nd5 Nxd5 18. exd5 Qxa5 19. dxe6 fxe6 20. g6 hxg6 21. Rxg6 Nf8 22. Rg4 d5 23. h5 d4 24. Bh6 Bf6 25. Bxg7 Bxg7 26. h6 Ra7 27. hxg7 Rxg7 28. Rxg7+ Kxg7 29. Qg5+ {1-0 Powierski,E (2285)-Mieck,J (1776) Lueneburg op 2014 (3)}) ({RR} 14... Qc7 15. Nd5 Bxd5 16. exd5 Rfc8 17. Kb1 Nxd5 18. Qxd5 Qxa5 19. Bc4 Rf8 20. Bb3 g6 21. h4 Qc7 22. h5 Nc5 23. hxg6 hxg6 24. Rh1 Kg7 25. Rh6 Ne6 26. f4 Rh8 27. Rdh1 Rag8 28. Rh7+ {1-0 Pruijssers,R (2462)-Wahedi,A (2295) Vlissingen HZ op 14th 2010 (7)}) 15. Nd5 Nxd5 16. exd5 Qxa5 17. dxe6 fxe6 18. Kb1 g6 19. Bh3 Kf7 20. Qg2 Rfd8 21. Bxe6+ Kg7 22. Qh3 Nc5 23. Bd5 Ra7 24. Rg4 Bf8 25. Rf4 Kh8 26. Rf6 Rg7 27. f4 Nd7 28. f5 gxf5 29. Rxf5 Qb5 30. Bf7 Qe2 31. Rg1 Rc8 32. Rf2 Qb5 33. g6 1-0

[Event "45th Olympiad 2024"]
[Site "Budapest HUN"]
[Date "2024.09.14"]
[Round "4.68"]
[Board "2"]
[White "Kyaw Zay Ya"]
[Black "Zilleruelo Irizarry, Diego"]
[Result "1/2-1/2"]
[WhiteElo "1818"]
[BlackElo "2041"]
[PlyCount "91"]
[EventDate "2024.09.11"]
[WhiteTeam "Myanmar"]
[BlackTeam "Puerto Rico"]
[WhiteTeamCountry "MYA"]
[BlackTeamCountry "PUR"]

1. e4 c6 2. d4 d5 3. Nc3 dxe4 4. Nxe4 Nf6 5. Nxf6+ exf6 6. Nf3 Bd6 7. Bd3 O-O 8. Be3 Nd7 9. Qd2 Re8 10. O-O-O b5 11. d5 ({RR} 11. Bf4 Nb6 12. Rhe1 Be6 13. Kb1 Bxf4 14. Qxf4 Qd5 15. b3 Qd7 16. Qh4 h6 17. Qe4 g6 18. Qh4 Kg7 19. Be4 a5 20. d5 Bxd5 21. Bxd5 Nxd5 22. Qd4 b4 23. Kb2 a4 24. Rxe8 Qxe8 25. Re1 Qd8 {0-1 Jaskolka,T (2241)-Yuan,Q (2360) Titled Tue 20th Feb Early 2024 (11)}) 11... c5 12. Bxb5 Rb8 13. c4 $146 ({RR} 13. Bd3 Qb6 14. b3 Qc7 15. c4 a5 16. Qc2 a4 17. Bxh7+ Kh8 18. Bd3 axb3 19. axb3 Qa5 20. Kb2 Ne5 21. Bd2 Qb6 22. Nxe5 fxe5 23. Rhe1 f5 24. f3 Bd7 25. Ra1 e4 26. fxe4 fxe4 27. Rxe4 Rxe4 {1-0 Lewicki,M (2321)-Katsanis,V (2133) 34th Cracovia Open A 2023 (1.33)}) ({RR} 13. Bd3 Nb6 14. c4 Qc7 15. Qc2 h6 16. h3 Bd7 17. Rhe1 Qb7 18. Bd2 Rec8 19. Re2 Na4 20. b3 Nb6 21. Nh4 Ra8 22. Bf5 a5 23. Bxd7 Qxd7 24. a4 Rcb8 25. Nf5 Nc8 26. Rde1 Nb6 27. Nxd6 Qxd6 {0-1 Wafa,S (2141)-Heredia Serrano,C (2090) Olympiad Women-44 2022 (7.1)}) 13... Re7 14. Rhe1 a6 15. Bc6 Nb6 16. b3 Bf5 17. Qa5 Qf8 18. Nd2 g5 19. f3 Nd7 20. Bxd7 Rxd7 21. Bg1 Qc8 22. Ne4 Bxe4 23. Rxe4 f5 24. Re2 Qf8 25. Rde1 g4 26. Qc3 Qh6+ 27. Kc2 Rdd8 28. g3 Qg6 29. f4 Bf8 30. Qd3 Qb6 31. Be3 a5 32. Rb1 a4 33. b4 Re8 34. b5 Re4 35. Bf2 Rbe8 36. Rbe1 Qf6 37. Rxe4 fxe4 38. Rxe4 Rxe4 39. Qxe4 Qa1 40. Qe5 Qxa2+ 41. Kd1 Qxf2 42. Qg5+ Bg7 43. Qd8+ Bf8 44. Qg5+ Bg7 45. Qd8+ Bf8 46. Qg5+ 1/2-1/2

[Event "45th Olympiad 2024"]
[Site "Budapest HUN"]
[Date "2024.09.14"]
[Round "4.68"]
[Board "3"]
[White "Boggiano Pereira, Miguel A."]
[Black "Zaw, Ye Htut"]
[Result "1/2-1/2"]
[WhiteElo "2015"]
[BlackElo "1815"]
[PlyCount "85"]
[EventDate "2024.09.11"]
[WhiteTeam "Puerto Rico"]
[BlackTeam "Myanmar"]
[WhiteTeamCountry "PUR"]
[BlackTeamCountry "MYA"]

1. d4 d5 2. c4 e6 3. Nf3 c6 4. Qc2 f5 5. g3 Nf6 6. Bg2 Be7 7. O-O O-O 8. b3 Ne4 9. Nc3 Nd7 10. Nd2 ({RR} 10. e3 Qe8 11. Bb2 Qh5 12. Ne2 g5 13. Ne5 Rf6 14. f3 Nd6 15. b4 Rh6 16. c5 Nxe5 17. cxd6 Nc4 18. dxe7 Nxe3 19. Qd2 Nxf1 20. Qxg5+ Qxg5 21. e8=Q+ Kg7 22. Rxf1 Qg6 23. Qd8 Qf6 24. Qc7+ Qf7 {1-0 Legde,G (2301)-Maes,T (2044) Bruges Masters Open 2024 (7.10)}) 10... Bd6 $146 ({RR} 10... Bg5 11. Ndxe4 fxe4 12. f4 Be7 13. Be3 Nf6 14. Rad1 Ng4 15. Qd2 Bb4 16. h3 Nxe3 17. Qxe3 Bxc3 {½-½ Stodola,Z-Tenk,P Svetla nad Sazavou op 1997 (7)}) ({RR} 10... Bf6 11. e3 Nxc3 12. Qxc3 e5 13. Ba3 Re8 14. cxd5 exd4 15. exd4 c5 16. Bxc5 Nxc5 17. Qxc5 b6 18. Qc4 Qd6 19. Rac1 Bd7 20. Qc7 Qxc7 21. Rxc7 Bb5 22. Rfc1 Bxd4 23. d6 Rad8 24. Bd5+ Kf8 {1-0 Aoiz Linares,J (2310)-Tosan Pereira,F Catalunya-ch 1994}) ({RR} 10... Ndf6 11. Ndxe4 Nxe4 12. Bf4 {½-½ Bletz,H (2298)-Kuban,G (2282) Oberliga Ost-B 0102 2001 (4.6)}) 11. e3 Qe7 12. Ne2 b6 13. f3 Nxd2 14. Bxd2 Nf6 15. e4 e5 16. Rae1 exd4 17. exd5 Qc7 18. dxc6 Rd8 19. Nf4 Qxc6 20. Nd3 Bb7 21. Bg5 Rf8 22. Nf4 Bxf4 23. Bxf4 Nh5 24. Be5 Rad8 25. f4 Qd7 26. Bxb7 Qxb7 27. Rd1 Rd7 28. Rxd4 Rxd4 29. Bxd4 Qd7 30. Be5 Rd8 31. Qe2 Nf6 32. Bxf6 gxf6 33. Re1 Kf7 34. Qh5+ Kg7 35. Re3 Qd4 36. Qe2 Qa1+ 37. Kg2 Qc1 38. Rd3 Rxd3 39. Qxd3 Qb2+ 40. Kh3 Qxa2 41. Qd7+ Kg6 42. Qe8+ Kg7 43. Qe7+ 1/2-1/2